LEADER 01498nas a2200277 i 4500 001 000000000070 003 CaOOAMICUS 005 20221215171553.0 008 180830c19729999be zx lf u0 z|und u 020 $a2-503-36000-9 040 $aSeMil$bita 245 10$aTypologie des sources du Moyen Age occidental / directeur L. Genicot$h[generale di collana]. 260 $aTurnhout :$bBrepols,$c1972- 300 $av. ;$c24 cm. 490 1 $aTypologie des sources du Moyen Age 500 $aDal fasc. 68 la formulazione di responsabilità varia in : Fondateur L. Genicot, Directeur R. Noël. 700 1 $aNoël, René.$0(OLS)http://semarc/name/83 700 1 $aGenicot, Léopold,$d<1914-1995>.$0(OLS)http://semarc/name/85 700 1 $aUniversité Catholique de Louvain : Institut d'Études Médiévales.$0(OLS)http://semarc/name/84 830 0$aTypologie des sources du Moyen Age occidental.$0(OLS)http://semarc/title/122 850 $aSeMil 852 $aSeMil$W1$xVenegono$y1$mVedi "Titolo uniforme di collana" per le collocazioni dei singoli volumi$j222888$qSottoscrizione conclusa: acquisto interrotto al n. 86 del 2003$B243707$CSeMilBibl$Z2$F243707 $81 996 $6020$a2-503-36000-9$9(OLS)http://semarc/number/20 996 $6245$aTypologie des sources du Moyen Age occidental / directeur L. Genicot$h[generale di collana]$9(OLS)http://semarc/title/123 996 $6260$aTurnhout :$bBrepols$9(OLS)http://semarc/publisher/29626 LEADER 00962nam a2200205 i 4500 001 000000011761 003 CaOOAMICUS 005 20220705124336.0 008 180830s1969 it u000 u ita u 040 $aSeMil$bita 245 13$aIl Duomo di Milano :$bCongresso Internazionale, Milano, Museo della Scienza e della Tecnica, 8-12 settembre 1968 /$catti a cura di Maria Luisa Gatti Perer. 260 $aMilano :$bLa Rete,$c1969. 300 $a2 v. ;$c31 cm. 700 1 $aGatti Perer, Maria Luisa <1928-2009>.$0(OLS)http://semarc/name/1724 774 0 $tVolume 1.$w()42360 774 0 $tVolume 2.$w()127410 830 0$aMonografie di Arte lombarda. I monumenti ;$v3.$0(OLS)http://semarc/title/10903 996 $6245$aIl Duomo di Milano :$bCongresso Internazionale, Milano, Museo della Scienza e della Tecnica, 8-12 settembre 1968$9(OLS)http://semarc/title/15564 996 $6260$aMilano :$bLa Rete$9(OLS)http://semarc/publisher/32237